Sir Al-Ahramat

محفوظ في:

المؤلف الرئيسي: MīRoslav Verner.

مؤلفون آخرون: : Khaled Abu Al Yazed.

التنسيق: كتاب

اللغة: Undetermined

منشور في: Cairo : almajlis al'aelaa lilthaqafa , 2005.

سلاسل: National Translation Project.Think

الوسوم: إضافة وسم

لا توجد وسوم, كن أول من يضع وسما على هذه التسجيلة!

رقم الطلب: DT63 .V4712

LEADER 00423nam a2200145Ia 4500
008 240329s9999||||xx |||||||||||||| ||und||
050 4 |a DT63 .V4712 
100 1 |a MīRoslav Verner. 
245 1 0 |a Sir Al-Ahramat  |c MīRoslav Verner 
264 1 |a Cairo :  |b almajlis al'aelaa lilthaqafa ,  |c 2005. 
300 |a 582  |c 24 cm 
490 0 |a National Translation Project.Think 
700 1 |a : Khaled Abu Al Yazed. 
942 |2 lcc  |c BK 
999 |c 57711  |d 57711